| Tag |
First Indicator |
Second Indicator |
Subfields |
| LEADER |
00000cam a2200000ui 4500 |
| 001 |
in00001403846 |
| 005 |
20151020053203.0 |
| 008 |
970519s1997 it a b 001 0 ita d |
| 020 |
|
|
|a 8881143887
|
| 035 |
|
|
|a (OCoLC)36958447
|
| 035 |
|
|
|9 AHM7322AM
|
| 040 |
|
|
|a C3L
|c C3L
|d TXA
|d UtOrBLW
|
| 043 |
|
|
|a e-uk---
|
| 045 |
|
|
|a t0u9
|
| 049 |
|
|
|a TXAM
|
| 090 |
|
|
|a PR2836
|b .T76 1997
|
| 100 |
1 |
|
|a Troisi, Federica.
|
| 245 |
1 |
0 |
|a Troilus and Cressida :
|b la crisi del Rinascimento nel teatro di Shakespeare /
|c Federica Troisi.
|
| 264 |
|
1 |
|a Napoli :
|b Edizioni scientifiche italiane,
|c 1997.
|
| 300 |
|
|
|a 129 pages :
|b illustrations ;
|c 24 cm.
|
| 336 |
|
|
|a text
|b txt
|2 rdacontent
|
| 337 |
|
|
|a unmediated
|b n
|2 rdamedia
|
| 338 |
|
|
|a volume
|b nc
|2 rdacarrier
|
| 490 |
1 |
|
|a ESI-uni ;
|v 73
|
| 504 |
|
|
|a Includes bibliographical references (pages [119]-124) and name index.
|
| 600 |
1 |
0 |
|a Shakespeare, William,
|d 1564-1616.
|t Troilus and Cressida.
|
| 830 |
|
0 |
|a UNI (Series) ;
|v 73.
|
| 948 |
|
|
|a c:fp
|
| 999 |
|
|
|a MARS
|
| 999 |
f |
f |
|s 85b70a5f-c440-33d0-a93b-673b64d3993d
|i cadfa4f5-c99f-3146-a7c9-6dbb49705184
|t 0
|
| 952 |
f |
f |
|p normal
|a Texas A&M University
|b College Station
|c Sterling C. Evans Library
|d Evans: Library Stacks
|t 0
|e PR2836 .T76 1997
|h Library of Congress classification
|i unmediated -- volume
|m A14822319367
|
| 998 |
f |
f |
|a PR2836 .T76 1997
|t 0
|l Evans: Library Stacks
|